00848cam a2200253 a 4500003000900000005001700009008004100026020001500067040002800082043001200110082002700122100003500149245004200184250004200226260004800268300002600316490002600342500002600368501004100394600006600435650002100501650002100522700005100543CO-ViMGA20230915233555.0030913s2003 ck r 00011dspa d a9580469105 aCO-ViMGAbspacCO-ViMGA as-uy---04aU863.5 bQ847h219 ed.1 aQuiroga, Horacio, d1878-1937.13aEl Hombre muerto / cHoracio Quiroga. aEditor Iván Hernández Arbelaéz. aBogotá : bGrupo Editorial Norma, c2002. a134, 73 p. ; c21 cm. aColeccion Cara y Cruz aIncluye cronología. aCon : Horacio Quiroga : vida y obra.16aQuiroga, Horacio, d1878-1937x Crítica e interpretación.14aMuertev Novela.14aNovela uruguaya.1 aHernández Arbeláez, Iván, d1928-, eed.